[Event "American Continental Rapid 18th"]
[Site "Medellin"]
[Date "2024.06.01"]
[Round "7"]
[White "Garrido Salgado, Jose Carlos"]
[Black "Cardenas Briceno, Eloy"]
[Result "0-1"]
[WhiteElo "1417"]
[BlackElo "1653"]
[PlyCount "94"]
[EventDate "2024.06.01"]
[EventType "swiss (rapid)"]
[EventRounds "9"]
[EventCountry "COL"]
[SourceTitle "CBM 220 Extra"]
[Source "ChessBase"]
[SourceDate "2024.07.31"]
[SourceVersion "1"]
[SourceVersionDate "2024.07.31"]
[SourceQuality "1"]

1. d4 Nf6 2. Nf3 g6 3. e3 d6 4. Bd3 Bg4 5. 0-0 Bg7 6. Nbd2 0-0 7. b3 Re8 8. Be2 e5 9. Bb2 e4 10. Ne1 Bxe2 11. Qxe2 d5 12. c4 c6 13. Ba3 Nbd7 14. h3 Nf8 15. Rc1 Ne6 16. cxd5 cxd5 17. Bb2 h6 18. g3 Nh5 19. Ng2 f5 20. Nf4 Nhxf4 21. exf4 Nxd4 22. Bxd4 Bxd4 23. b4 Qb6 24. Nb3 Bf6 25. Qd2 Rad8 26. Nc5 d4 27. a4 e3 28. fxe3 dxe3 29. Qe2 Qxb4 30. Nd3 Qd2 31. Rfe1 Rxd3 32. Qxd2 Rxd2 33. Rcd1 Bd4 34. Kh1 Rxd1 35. Rxd1 e2 36. Re1 Bc3 37. Rxe2 Rxe2 38. g4 fxg4 39. hxg4 Bd2 40. g5 Bxf4 41. a5 Bxg5 42. a6 b5 43. Kg1 b4 44. Kf1 Rd2 45. Ke1 b3 46. Kf1 b2 47. Ke1 b1Q# 0-1

[Event "American Continental Rapid 18th"]
[Site "Medellin"]
[Date "2024.06.01"]
[Round "8"]
[White "Jop A, Laura Elizabeth"]
[Black "Garrido Salgado, Jose Carlos"]
[Result "1-0"]
[WhiteElo "1752"]
[BlackElo "1417"]
[PlyCount "60"]
[EventDate "2024.06.01"]
[EventType "swiss (rapid)"]
[EventRounds "9"]
[EventCountry "COL"]
[SourceTitle "CBM 220 Extra"]
[Source "ChessBase"]
[SourceDate "2024.07.31"]
[SourceVersion "1"]
[SourceVersionDate "2024.07.31"]
[SourceQuality "1"]

1. c4 e6 2. d4 d5 3. cxd5 exd5 4. Nc3 Nc6 5. g3 Be6 6. Bg2 Bb4 7. e3 Nge7 8. Nge2 0-0 9. 0-0 Bxc3 10. bxc3 Na5 11. Nf4 Qd7 12. Nd3 c6 13. Nc5 Qc8 14. Re1 b6 15. Nd3 Nc4 16. Nb2 Nxb2 17. Bxb2 Ng6 18. Rc1 b5 19. e4 dxe4 20. Bxe4 Bf5 21. Bg2 Rb8 22. c4 bxc4 23. Ba3 Re8 24. Rxc4 Rxe1+ 25. Qxe1 Qe8 26. Qxe8+ Rxe8 27. Bxc6 Re2 28. Rb4 h6 29. Bd5 Bh3 30. Rb8+ Kh7 1-0